000 00529nam a2200217Ia 4500
008 140626s9999 xx 000 0 und d
100 _aNovicio, Homer.
245 _aDavao is in the details /
_cHomer Novicio.
260 _cc2013.
300 _a7 : 2, page 36
440 _aSide Trip
521 _aTOU
650 _aCuisine.
650 _aCulture.
650 _aDavao city.
650 _aFavorite tourist spots.
650 _aFestivities.
650 _aMarine sanctuary.
650 _aTop resorts.
942 _cSE
999 _c121142
_d121142